000 00285nam a2200121Ia 4500
008 190216s9999||||xx |||||||||||||| ||und||
100 _aGupta R L
245 0 _aAdvanced Accounting Vol 1
260 _bS Chand & Co
_c1991
300 _a1513
650 _aCommerce-Accounting
942 _cBK
999 _c5500
_d5500